000 00586nam a2200169Ia 4500
005 20250923145133.0
008 008 250917s9999 xx 000 0 eng d
037 _aTextual
040 _aDSWL
_beng
_cDSWL
041 _aeng
_2eng
084 _aYX,Z1-z4;6-J3'N481, N51
_qDSWL
245 0 _aSixth report on the work of the children department, 1951
_cby His Majesty's Staionary Office, London
260 _aLondon
_bHis Majesty's Staionary Office
_c1951
300 _avii,54p.
942 _cTEXL
_hYX,Z1-z4;6-J3'N481, N51
999 _c1447601
_d1447601